| 000 | 00626cam a22002053a 4500 | ||
|---|---|---|---|
| 001 | 38279 | ||
| 003 | PGUSA | ||
| 005 | 20140828083838.0 | ||
| 008 | 111211s2011||||xxu|||||s|||||000 | eng d | ||
| 040 |
_aPGUSA _beng |
||
| 042 | _adc | ||
| 100 | 1 |
_aMurray, W. H. H. _q(William Henry Harrison), _d1840-1904 |
|
| 245 | 1 | 0 |
_aHow John Norton the Trapper Kept His Christmas _h[electronic resource] / _cW. H. H. Murray |
| 260 |
_bProject Gutenberg, _c2011 |
||
| 506 | _aPublic domain in the USA. | ||
| 516 | _aElectronic text | ||
| 830 | 0 |
_aProject Gutenberg _v38279 |
|
| 856 | 4 | 0 | _uhttp://www.gutenberg.org/ebooks/38279 |
| 942 | _cEB | ||
| 999 |
_c267533 _d267533 |
||